Statistiche per Loghi famosi #1

Clicka qui per fare il quiz!

Statistiche generali

  • Questo quiz è stato fatto 1.057 volte
  • Il punteggio medio è 12 su 20

Statistiche sulle risposte

marchio% Corretto
Amazon
99%
Apple
99%
Adidas
98%
Pepsi
96%
Wikipedia
96%
Monster
95%
PlayStation
93%
Pringles
92%
KFC
89%
Shell
66%
Pizza Hut
42%
Taco Bell
41%
Yamaha
40%
JetPunk
31%
Dolby
28%
Target
25%
Atari
24%
Firestone
15%
BP
12%
Xerox
7%

Distribuzione punteggi

Percentile per numero di risposta

Percentuale di utenti per punteggio

I tuoi punteggi nel tempo

Non hai fatto questo quiz